مكتبة جامعة عجلون الوطنية

فهرس بحث المكتبة

Normal view MARC view
  • الرياضيات - طرق التدريس - طرق التعليم - التعليم الاساسي

Entry Topical Term

Number of records used in: 1

001 - CONTROL NUMBER

  • control field: 57700

003 - CONTROL NUMBER IDENTIFIER

  • control field: JO-AjAnu

005 - DATE AND TIME OF LATEST TRANSACTION

  • control field: 20230606083439.0

008 - FIXED-LENGTH DATA ELEMENTS

  • fixed length control field: 230606|| aca||aabn | a|a d

040 ## - CATALOGING SOURCE

  • Original cataloging agency: JO-AjAnu
  • Transcribing agency: JO-AjAnu

150 ## - HEADING--TOPICAL TERM

  • Topical term or geographic name entry element: الرياضيات - طرق التدريس - طرق التعليم - التعليم الاساسي

670 ## - SOURCE DATA FOUND

  • Source citation: Work cat.: (JO-AjAnu)29440: عباس، محمد خليل، م.مشارك محمد مصطفى العبسي, author 57699, مناهج واساليب تدريس الرياضيات للمرخلة الاساسية الدنيا